000 00550cam a2200193ua 4500
001 100
008 110316n ii |||gr||||Z||||||eng
040 _cMAIN
082 _a004
245 _aAn in troduction to information technology in business.
_cBy Gangadhar Das.
250 _a1st.
260 _aHowly.:
_bDepartme3nt of management: B.H. college.,
_c2005.
300 _a176 p.:
_bill.;
_c20 cm.
653 _aComputer Science.
653 _aInformation technology in business.
700 _aDas, Gangadhar.,
700 _aNath, Utpal.,
942 _cBK
999 _c91
_d91